<?xml version="1.0" encoding="UTF-8"?>
<record
    xmlns:xsi="http://www.w3.org/2001/XMLSchema-instance"
    xsi:schemaLocation="http://www.loc.gov/MARC21/slim http://www.loc.gov/standards/marcxml/schema/MARC21slim.xsd"
    xmlns="http://www.loc.gov/MARC21/slim">

  <leader>01966nam a2200373 a 4500</leader>
  <controlfield tag="005">20240412114731.0</controlfield>
  <controlfield tag="008">100310t2015||||ag a . f |||| 00| 0 spa d</controlfield>
  <datafield tag="020" ind1=" " ind2=" ">
    <subfield code="a">9789500600927</subfield>
  </datafield>
  <datafield tag="041" ind1=" " ind2=" ">
    <subfield code="a">spa</subfield>
  </datafield>
  <datafield tag="092" ind1=" " ind2=" ">
    <subfield code="c">574.3</subfield>
    <subfield code="l">25</subfield>
    <subfield code="s">FLO</subfield>
  </datafield>
  <datafield tag="100" ind1="1" ind2=" ">
    <subfield code="a">Flores, Vladimir</subfield>
    <subfield code="9">3026</subfield>
  </datafield>
  <datafield tag="245" ind1=" " ind2=" ">
    <subfield code="a">Embriolog&#xED;a humana.</subfield>
    <subfield code="b">Bases moleculares y celulares de la histog&#xE9;nesis, la morfog&#xE9;nesis y las alteraciones del desarrollo. Orientada a la formaci&#xF3;n m&#xE9;dica /</subfield>
    <subfield code="c">Vladimir Flores.</subfield>
  </datafield>
  <datafield tag="250" ind1=" " ind2=" ">
    <subfield code="a">1a ed.</subfield>
  </datafield>
  <datafield tag="260" ind1=" " ind2=" ">
    <subfield code="a">Buenos Aires: </subfield>
    <subfield code="b">Editorial M&#xE9;dica Panamericana; </subfield>
    <subfield code="c">2015.</subfield>
  </datafield>
  <datafield tag="300" ind1=" " ind2=" ">
    <subfield code="a">584 p.</subfield>
    <subfield code="b">il.</subfield>
    <subfield code="c">20x28cm</subfield>
  </datafield>
  <datafield tag="500" ind1=" " ind2=" ">
    <subfield code="a">Flores, V. (2015). Embriolog&#xED;a humana. Bases moleculares y celulares de la histog&#xE9;nesis, la morfog&#xE9;nesis y las alteraciones del desarrollo. Orientada a la formaci&#xF3;n m&#xE9;dica. (1a ed.). Buenos Aires : Editorial M&#xE9;dica Panamericana.</subfield>
  </datafield>
  <datafield tag="653" ind1=" " ind2="3">
    <subfield code="a">La fecundaci&#xF3;n</subfield>
  </datafield>
  <datafield tag="653" ind1=" " ind2=" ">
    <subfield code="a">Per&#xED;odo presom&#xED;tico. Segmentaci&#xF3;n de la c&#xE9;lula huevo y gastrulaci&#xF3;n</subfield>
  </datafield>
  <datafield tag="653" ind1=" " ind2="3">
    <subfield code="a">El Per&#xED;odo som&#xED;tico. El desarrollo del plan anat&#xF3;mico b&#xE1;sico y la definici&#xF3;n de sistemas, aparatos y &#xF3;rganos</subfield>
  </datafield>
  <datafield tag="653" ind1=" " ind2="3">
    <subfield code="a">La quinta semana del desarrollo.El agregado de detalles al plan anat&#xF3;mico b&#xE1;sico</subfield>
  </datafield>
  <datafield tag="653" ind1=" " ind2=" ">
    <subfield code="a">Desarrollo del sistema circulatorio</subfield>
  </datafield>
  <datafield tag="653" ind1=" " ind2=" ">
    <subfield code="a">Desarrollo de los aparatos digestivo y respiratorio</subfield>
  </datafield>
  <datafield tag="653" ind1=" " ind2=" ">
    <subfield code="a">Desarrollo del aparato excretor</subfield>
  </datafield>
  <datafield tag="653" ind1=" " ind2=" ">
    <subfield code="a">Desarrollo del aparato reproductor</subfield>
  </datafield>
  <datafield tag="653" ind1=" " ind2=" ">
    <subfield code="a">Desarrollo del sistema nervioso</subfield>
  </datafield>
  <datafield tag="653" ind1=" " ind2=" ">
    <subfield code="a">Desarrollo del aparato de la visi&#xF3;n</subfield>
  </datafield>
  <datafield tag="653" ind1=" " ind2=" ">
    <subfield code="a">Desarrollo de los aparatos de la audici&#xF3;n y del equilibrio</subfield>
  </datafield>
  <datafield tag="653" ind1=" " ind2=" ">
    <subfield code="a">Desarrollo del sistema endocrino</subfield>
  </datafield>
  <datafield tag="653" ind1=" " ind2=" ">
    <subfield code="a">Desarrollo del aparato de la contenci&#xF3;n neurosensorial: Cabeza y cuello</subfield>
  </datafield>
  <datafield tag="653" ind1=" " ind2=" ">
    <subfield code="a">Desarrollo de los aparatos locomotor  y tegumentario</subfield>
  </datafield>
  <datafield tag="653" ind1=" " ind2=" ">
    <subfield code="a">Implantaci&#xF3;n y desarrollo de la placenta. Fisiolog&#xED;a placentaria. Inmunolog&#xED;a de la gestaci&#xF3;n</subfield>
  </datafield>
  <datafield tag="653" ind1=" " ind2=" ">
    <subfield code="a">Gen&#xE9;tica y teratolog&#xED;a</subfield>
  </datafield>
  <datafield tag="942" ind1=" " ind2=" ">
    <subfield code="2">ddc</subfield>
    <subfield code="c">BK</subfield>
  </datafield>
  <datafield tag="999" ind1=" " ind2=" ">
    <subfield code="c">2231</subfield>
    <subfield code="d">2231</subfield>
  </datafield>
  <datafield tag="952" ind1=" " ind2=" ">
    <subfield code="0">0</subfield>
    <subfield code="1">0</subfield>
    <subfield code="2">ddc</subfield>
    <subfield code="4">0</subfield>
    <subfield code="7">0</subfield>
    <subfield code="8">REF</subfield>
    <subfield code="a">BFM</subfield>
    <subfield code="b">BFM</subfield>
    <subfield code="c">REF</subfield>
    <subfield code="d">2015-10-21</subfield>
    <subfield code="e">Compra Promed 3er a&#xF1;o, Octubre 2015</subfield>
    <subfield code="g">800.00</subfield>
    <subfield code="l">9</subfield>
    <subfield code="m">1</subfield>
    <subfield code="o">574.3 25 FLO</subfield>
    <subfield code="p">3613</subfield>
    <subfield code="r">2018-08-27</subfield>
    <subfield code="s">2018-08-24</subfield>
    <subfield code="t">Ej.1</subfield>
    <subfield code="w">2015-10-21</subfield>
    <subfield code="y">REF</subfield>
    <subfield code="z">LIBRO DE CONSULTA. Compra Promed 3er a&#xF1;o, Octubre 2015</subfield>
  </datafield>
  <datafield tag="952" ind1=" " ind2=" ">
    <subfield code="0">0</subfield>
    <subfield code="1">0</subfield>
    <subfield code="2">ddc</subfield>
    <subfield code="4">0</subfield>
    <subfield code="7">0</subfield>
    <subfield code="a">BFM</subfield>
    <subfield code="b">BFM</subfield>
    <subfield code="c">CR</subfield>
    <subfield code="d">2015-10-21</subfield>
    <subfield code="e">Compra Promed 3er a&#xF1;o, Octubre 2015</subfield>
    <subfield code="g">800.00</subfield>
    <subfield code="l">68</subfield>
    <subfield code="m">7</subfield>
    <subfield code="o">574.3 25 FLO</subfield>
    <subfield code="p">3614</subfield>
    <subfield code="r">2023-05-24</subfield>
    <subfield code="s">2023-05-17</subfield>
    <subfield code="t">Ej.2</subfield>
    <subfield code="w">2015-10-21</subfield>
    <subfield code="y">BK</subfield>
    <subfield code="z">Compra Promed 3er a&#xF1;o, Octubre 2015</subfield>
  </datafield>
  <datafield tag="952" ind1=" " ind2=" ">
    <subfield code="0">0</subfield>
    <subfield code="1">0</subfield>
    <subfield code="2">ddc</subfield>
    <subfield code="4">0</subfield>
    <subfield code="7">0</subfield>
    <subfield code="a">BFM</subfield>
    <subfield code="b">BFM</subfield>
    <subfield code="c">CR</subfield>
    <subfield code="d">2015-10-21</subfield>
    <subfield code="e">Compra Promed 3er a&#xF1;o, Octubre 2015</subfield>
    <subfield code="g">800.00</subfield>
    <subfield code="l">61</subfield>
    <subfield code="m">5</subfield>
    <subfield code="o">574.3 25 FLO</subfield>
    <subfield code="p">3615</subfield>
    <subfield code="r">2025-11-04</subfield>
    <subfield code="s">2025-10-28</subfield>
    <subfield code="t">Ej.3</subfield>
    <subfield code="v">899.00</subfield>
    <subfield code="w">2015-10-21</subfield>
    <subfield code="y">BK</subfield>
    <subfield code="z">Compra Promed 3er a&#xF1;o, Octubre 2015. Ejemplar reemplazado por Aguilar Rocio (lo devolvi&#xF3; mojado), se le asign&#xF3; el mismo n&#xFA;mero de inventario. 4/10/2016</subfield>
  </datafield>
</record>
